000 00727nam a2200253 a 4500
008
020 _a0471304581(cased)
049 _aMAIN
090 _aQC320
_bINC
100 1 _aIncropera, Frank P.
245 1 0 _aIntroduction to heat transfer /
_cFrank P. Incropera, David P. DeWitt.
250 _a3rd ed.
260 _aNew York :
_bWiley,
_c1996.
300 _axxii, 801p. :
_bill. ;
_c26 cm.
500 _aIncludes index.
504 _aIncludes bibliographical references.
650 0 _aHeat
_xTransmission.
700 1 _aDeWitt, David P.
907 _a.b10107241
_b24-04-12
_c22-01-04
003
005 20230123133607.0
040 _cNUST
942 _cBOOKS
_kQC320
_mINC
999 _c151278
_d151278